Т. 14 : Географическая дифференциация позднемеловых и кайнозойских флор Земного шара на фоне геологических событий; Стратиграфия. Палеонтология

Podrobná bibliografie
Parent link:Стратиграфия. Палеонтология/ Академия наук СССР (АН СССР), Всесоюзный институт научной и технической информации (ВИНИТИ). Т. 14 : Географическая дифференциация позднемеловых и кайнозойских флор Земного шара на фоне геологических событий.— , 1966-.— 0202-7399
Hlavní autor: Ахметьев М. А.
Další autoři: Лебедев Е. Л. (редактор)
Jazyk:ruština
Vydáno: 1990
Témata:
Médium: Kniha
KOHA link:https://koha.lib.tpu.ru/cgi-bin/koha/opac-detail.pl?biblionumber=184658

MARC

LEADER 00000nam2a2200000 4500
001 184658
005 20231101223847.0
035 |a (RuTPU)RU\TPU\book\200263 
090 |a 184658 
100 |a 20100916d1990 k y0rusy50 ca 
101 0 |a rus 
102 |a RU 
105 |a y z 001zy 
200 0 |a Т. 14 : Географическая дифференциация позднемеловых и кайнозойских флор Земного шара на фоне геологических событий  |f М. А. Ахметьев  |g под ред. Е. Л. Лебедева 
210 |d 1990 
215 |a 100 с. 
320 |a Библиогр.: с. 85-98. 
461 1 |0 (RuTPU)RU\TPU\book\135457  |x 0202-7399  |t Стратиграфия. Палеонтология  |f Академия наук СССР (АН СССР), Всесоюзный институт научной и технической информации (ВИНИТИ)  |v Т. 14 : Географическая дифференциация позднемеловых и кайнозойских флор Земного шара на фоне геологических событий  |d 1966-   |s Стратиграфия. Палеонтология 
606 1 |a Стратиграфия  |2 stltpush  |3 (RuTPU)RU\TPU\subj\57192  |9 75055 
606 1 |a Палеонтология  |2 stltpush  |3 (RuTPU)RU\TPU\subj\47998  |9 66880 
610 1 |a геология 
610 1 |a кайнозой 
610 1 |a тектоника 
610 1 |a плиты 
610 1 |a флора 
610 1 |a палеофлористика 
610 1 |a континентальные массы 
610 1 |a климатические изменения 
610 1 |a фитохории 
675 |a 551.7  |v 3 
675 |a 56  |v 3 
700 1 |a Ахметьев  |b М. А. 
702 1 |a Лебедев  |b Е. Л.  |4 340 
801 1 |a RU  |b 63413507  |c 20100916 
801 2 |a RU  |b 63413507  |c 20151215  |g RCR 
942 |c BK